000 00425nam a2200145 a 4500
005 20140412111331.0
008 030206s19uu xx 00 eng d
020 _a0-590-01554-0
050 _aTR(PS E
_bGi43
245 _aGingerbread man (The) :
_ban easy-to-read folktale /
_cpictures by Ed Arno.
260 _aNew York :
_bScholastic Book Services.
300 _a1 v. (unp.) ; ill.
650 _aFolktale
999 _c104919
_d104919